000 00455nam a2200181Ia 4500
001 8470
005 20260306160611.0
008 260306t2013||||xx |||||||||||||| ||spa||
041 _aESP
082 _a371.1
_bC75
100 _aColén Riau, María Teresa
_eAUT
245 0 _aTendencias en la formación permanente del profesorado
260 _c2013
300 _a147 páginas :
_c23 cm.
650 _aGEN
654 _aCED
942 _cLIB
_dJUS
_fJUS
_2ddc
_n
999 _c8470
_d8470